LEADER 00964nam0-22002891--450- 001 990008807420403321 005 20090217094810.0 035 $a000880742 035 $aFED01000880742 035 $a(Aleph)000880742FED01 035 $a000880742 100 $a20090217d1950----km-y0itay50------ba 101 0 $afre 102 $aFR 105 $ay-------001yy 200 1 $aTraité élémentaire de science pénitentiaire et de défense sociale$elegislation penitentiaire, administration penitentiaire, regime penitentiaire, problemes de defense sociale$fJean Pinatel 210 $aParis$cSirey$dstampa 1950 215 $aLXXXII, 567 p.$d24 cm 676 $a345$v11 rid.$zita 700 1$aPinatel,$bJean$0225504 801 0$aIT$bUNINA$gRICA$2UNIMARC 901 $aBK 912 $a990008807420403321 952 $aXII F 387$b60338$fFGBC 959 $aFGBC 996 $aTraité élémentaire de science pénitentiaire et de défense sociale$9808087 997 $aUNINA